Research on ICDS : (Record no. 42766)

MARC details
000 -LEADER
fixed length control field 00762nam a22001937a 4500
005 - DATE AND TIME OF LATEST TRANSACTION
control field 20100820154326.0
010 ## - LCCN (DPL NO)
LC control number ENG-101076
020 ## - INTERNATIONAL STANDARD BOOK NUMBER
Terms of availability 150.00
035 ## - SYSTEM CONTROL NUMBER
System control number EN-84609
037 ## - SOURCE OF ACQUISITION
Source of stock number/acquisition DBAD/PUB
082 ## - DEWEY DECIMAL CLASSIFICATION NUMBER
Classification number 305.231
245 ## - TITLE STATEMENT
Title Research on ICDS :
Remainder of title an overview (1996-2008) /
260 ## - PUBLICATION, DISTRIBUTION, ETC. (IMPRINT)
Place of publication, distribution, etc New Delhi
Name of publisher, distributor, etc National Institute of Public Cooperation and Child Development
Date of publication, distribution, etc 2009
270 ## - ADDRESS
Address 5, Siri Institutional Area, Hauz Khas
City New Delhi
Postal code 110016
300 ## - PHYSICAL DESCRIPTION
Extent V.3 (xx,308p.)
Dimensions 27cm (pbk)
650 ## - SUBJECT ADDED ENTRY--TOPICAL TERM
Topical term or geographic name as entry element Children-services for
Geographic subdivision India
942 ## - ADDED ENTRY ELEMENTS (KOHA)
Source of classification or shelving scheme Dewey Decimal Classification
Item type English Books
Classification part 305.231
Call number suffix RES
Holdings
Withdrawn status Lost status Materials specified (bound volume or other part) Not for loan Collection code Home library Current library Date acquired Source of acquisition Cost, normal purchase price Full call number Barcode Copy number Cost, replacement price Koha item type Public note
    V.3 Not For Loan Non-fiction D.B.Act.Division D.B.Act.Division 20/08/2010 DBAD/PUB 150.00 305.231 RES EN-84609 1 150.00 English Books V.3

© Delhi Public Library
Hit Counter
free hit counter